| 000 | 00711cam a22002413a 4500 | ||
|---|---|---|---|
| 001 | 19600 | ||
| 003 | PGUSA | ||
| 005 | 20140828083421.0 | ||
| 008 | 061022s2006||||xxu|||||s|||||000 | eng d | ||
| 040 |
_aPGUSA _beng |
||
| 042 | _adc | ||
| 050 | 4 | _aQA | |
| 100 | 1 |
_aWaters, W. G. _q(William George), _d1844-1928 |
|
| 245 | 1 | 0 |
_aJerome Cardan : _bA Biographical Study _h[electronic resource] / _cW. G. Waters |
| 260 |
_bProject Gutenberg, _c2006 |
||
| 506 | _aPublic domain in the USA. | ||
| 516 | _aElectronic text | ||
| 653 | _aMathematicians -- Biography | ||
| 653 | _aCardano, Girolamo, 1501-1576 | ||
| 830 | 0 |
_aProject Gutenberg _v19600 |
|
| 856 | 4 | 0 | _uhttp://www.gutenberg.org/ebooks/19600 |
| 942 | _cEB | ||
| 999 |
_c248855 _d248855 |
||